00382nam a22000857a 4500008004100000082001900041245016400060260006300224300000900287230606b xxu||||| |||| 00| 0 eng d a338.96762bKEN aMaster Plan for the Implementation of a National Integrated Monitoring and Evaluation System for Kenya 2007-2012cMinistry of Planning and National Development aKenyabMinistry of Planning and National Developmentc2007 a64 p